[Event "ODJM B 2023"]
[Site "Willingen GER"]
[Date "2023.05.28"]
[Round "2"]
[White "Eitel, Luc"]
[Black "Stelter, Finja"]
[Result "1-0"]
[Termination "normal"]
[Board "45"]
[WhiteElo "1424"]
[BlackElo "1322"]
[PlyCount "119"]
[WhiteFideId "16299728"]
[BlackFideId "16298624"]
[EventCountry "GER"]
[EventRounds "9"]
[EventType "swiss"]
[EventDate "2023.05.27"]

1. e4 c5 2. Nf3 Nc6 3. Bb5 g6 4. O-O Bg7 5. Re1 d6 6. d4 cxd4 7. Nxd4 Bd7 8.
Bxc6 bxc6 9. c4 Qb6 10. Nb3 Nf6 11. h3 O-O 12. Nc3 Rfd8 13. e5 dxe5 14. Qf3 Qb4
15. Rxe5 Qxc4 16. Rxe7 Re8 17. Rxe8+ Rxe8 18. Be3 Nd5 19. Nxd5 cxd5 20. Rc1 Qe4
21. Qxe4 Rxe4 22. Nc5 Re7 23. Nxd7 Rxd7 24. Rc8+ Bf8 25. Bc5 d4 26. Bxf8 h5 27.
Bb4+ Kh7 28. Rc1 Kg7 29. Rd1 Kf6 30. f4 Kf5 31. Bd2 Ke4 32. Kf2 Kd3 33. Be1+
Ke4 34. Ke2 Kxf4 35. Kd3 Ke5 36. Bf2 f5 37. Re1+ Kf4 38. Bxd4 Kg3 39. Re2 g5
40. Kc4 g4 41. Be5+ Kh4 42. hxg4 fxg4 43. g3+ Kh3 44. Re1 Kg2 45. Bf4 Rb7 46.
b4 Rh7 47. Re2+ Kf3 48. Re3+ Kf2 49. Ra3 Kg2 50. b5 Kh3 51. Rb3 h4 52. gxh4+
Kxh4 53. a4 Re7 54. Bg3+ Kg5 55. Rd3 Re6 56. Rd5+ Kf6 57. Rd6 Rxd6 58. Bxd6 Ke6
59. Bc5 Kd7 60. a5 1-0

[Event "ODJM B 2023"]
[Site "Willingen GER"]
[Date "2023.05.28"]
[Round "2"]
[White "Loßin, Charlotte"]
[Black "Schirmer, Sara"]
[Result "1-0"]
[Termination "normal"]
[Board "46"]
[WhiteElo "1518"]
[BlackElo "1406"]
[PlyCount "97"]
[WhiteFideId "16218345"]
[BlackFideId "16297580"]
[EventCountry "GER"]
[EventRounds "9"]
[EventType "swiss"]
[EventDate "2023.05.27"]

1. d4 d5 2. Nf3 c5 3. e3 Nc6 4. c3 Nf6 5. Bd3 Bg4 6. Nbd2 e6 7. O-O c4 8. Bc2
Bd6 9. Re1 O-O 10. e4 Bf4 11. e5 Nh5 12. h3 Bxf3 13. Nxf3 Bxc1 14. Qxc1 g6 15.
Qh6 f6 16. g4 fxe5 17. Ng5 Nf6 18. dxe5 Qe7 19. exf6 Rxf6 20. Re2 Raf8 21. Rae1
e5 22. Ba4 e4 23. Bxc6 bxc6 24. f3 a5 25. Re3 Qa7 26. Kg2 Qb7 27. R1e2 Qa7 28.
fxe4 dxe4 29. Nxe4 Rf4 30. Qg5 Kg7 31. Qe5+ Kh6 32. g5+ Kh5 33. Qc5 Qc7 34.
Nf6+ R8xf6 35. gxf6+ Rf5 36. Qxc4 Rg5+ 37. Kf1 Rf5+ 38. Ke1 Qf4 39. Qxf4 Rxf4
40. Re5+ Kh6 41. Re6 g5 42. Rxc6 Kg6 43. Re7 h5 44. f7+ Kg7 45. f8=Q+ Kxf8 46.
Ra7 Kg8 47. Rc8+ Rf8 48. Rxf8+ Kxf8 49. Kf2 1-0

[Event "ODJM B 2023"]
[Site "Willingen GER"]
[Date "2023.05.28"]
[Round "2"]
[White "Rose, Simeon"]
[Black "Kutz, Paul Matti"]
[Result "0-1"]
[Termination "normal"]
[Board "48"]
[WhiteElo "1416"]
[BlackElo "1537"]
[PlyCount "28"]
[WhiteFideId "34625062"]
[BlackFideId "16296265"]
[EventCountry "GER"]
[EventRounds "9"]
[EventType "swiss"]
[EventDate "2023.05.27"]

1. e4 e6 2. d4 d5 3. e5 c5 4. c3 Qb6 5. Nf3 Nc6 6. a3 a5 7. Bd3 c4 8. Bc2 Qc7
9. O-O b5 10. Ng5 Be7 11. Nxh7 g6 12. Ng5 f6 13. Bxg6+ Kd7 14. exf6 Qxh2# 0-1

[Event "ODJM B 2023"]
[Site "Willingen GER"]
[Date "2023.05.28"]
[Round "2"]
[White "Albayrak, Melissa"]
[Black "Hepp, Daniel"]
[Result "0-1"]
[Termination "normal"]
[Board "49"]
[WhiteElo "1362"]
[BlackElo "1442"]
[PlyCount "80"]
[WhiteFideId "16255283"]
[BlackFideId "34608567"]
[EventCountry "GER"]
[EventRounds "9"]
[EventType "swiss"]
[EventDate "2023.05.27"]

1. e4 c5 2. c3 Nc6 3. Nf3 e6 4. d4 cxd4 5. cxd4 d5 6. exd5 Qxd5 7. Nc3 Bb4 8.
Bd2 Qd8 9. a3 Ba5 10. Bc4 Nxd4 11. Bb5+ Nxb5 12. Nxb5 Nf6 13. b4 Bb6 14. Bf4
O-O 15. Qxd8 Rxd8 16. Nc7 Bxc7 17. Bxc7 Rd7 18. Rc1 Nd5 19. Bg3 b6 20. Ne5 Rd8
21. Nc6 Re8 22. O-O Bb7 23. Nd4 Rac8 24. Nb5 Red8 25. Rxc8 Rxc8 26. Nxa7 Ra8
27. Nb5 Ba6 28. a4 Bxb5 29. axb5 Nxb4 30. Rb1 Nd5 31. f3 Kf8 32. Kf2 Ke7 33.
Rb2 Ra5 34. Rb3 Ra2+ 35. Kg1 f6 36. h3 e5 37. Kh2 Kd6 38. Rd3 Kc5 39. Rb3 Kc4
40. Rb1 Ne3 0-1

[Event "ODJM B 2023"]
[Site "Willingen GER"]
[Date "2023.05.28"]
[Round "2"]
[White "Menne, Lukas"]
[Black "Kraus, Johanna"]
[Result "0-1"]
[Termination "normal"]
[Board "50"]
[WhiteElo "1273"]
[BlackElo "1408"]
[PlyCount "102"]
[WhiteFideId "16288467"]
[BlackFideId "34653872"]
[EventCountry "GER"]
[EventRounds "9"]
[EventType "swiss"]
[EventDate "2023.05.27"]

1. d4 d5 2. Bf4 Nf6 3. Nf3 c5 4. e3 Qb6 5. Qc1 Nc6 6. c3 Bf5 7. Be2 h6 8. h3 e6
9. Nbd2 O-O-O 10. Ne5 Nxe5 11. Bxe5 Nd7 12. dxc5 Qxc5 13. Nb3 Qe7 14. Bh2 e5
15. O-O g5 16. Bh5 Nf6 17. Qd1 Qe6 18. g4 Bh7 19. Qf3 Nxh5 20. gxh5 Bf5 21. Qg3
Bd6 22. f3 Rhg8 23. Kf2 Bxh3 24. Rfd1 e4 25. Qg1 exf3 26. Bxd6 Qxd6 27. Qg3 Qd7
28. Rd4 Qf5 29. Qxf3 Qxf3+ 30. Kxf3 Bf5 31. Rad1 Be4+ 32. Kg3 g4 33. Nc5 Bf3
34. Rf1 Rd6 35. e4 Rg5 36. c4 Rxh5 37. Rxd5 Rh3+ 38. Kf4 Rf6+ 39. Rf5 Rxf5+ 40.
exf5 h5 41. Nd3 Be2 42. Rc1 Rxd3 43. Kg5 Rf3 44. Kxh5 Rxf5+ 45. Kh4 Rf2 46. Rc2
f5 47. Kg3 Rf3+ 48. Kg2 Bf1+ 49. Kg1 g3 50. b4 Bh3 51. Rc1 g2 0-1

[Event "ODJM B 2023"]
[Site "Willingen GER"]
[Date "2023.05.28"]
[Round "2"]
[White "Derhay, Davyd"]
[Black "Prokscha, Charlotte"]
[Result "1-0"]
[Termination "normal"]
[Board "51"]
[WhiteElo "1376"]
[BlackElo "1367"]
[PlyCount "91"]
[WhiteFideId "34130624"]
[BlackFideId "34614699"]
[EventCountry "GER"]
[EventRounds "9"]
[EventType "swiss"]
[EventDate "2023.05.27"]

1. e4 c5 2. Nf3 e6 3. d4 cxd4 4. Nxd4 Nc6 5. c4 g6 6. Be3 Bg7 7. Nc3 Nge7 8.
Be2 O-O 9. O-O d5 10. exd5 exd5 11. c5 Nf5 12. Nxf5 Bxf5 13. Qxd5 Qxd5 14. Nxd5
Bxb2 15. Rad1 Rac8 16. Bf3 Bg7 17. Bf4 Kh8 18. Bd6 Rfe8 19. Nc7 Red8 20. g4 Bc2
21. Rd2 Ba4 22. Bd5 Kg8 23. Rc1 Bh6 24. f4 Bf8 25. Rc4 Bb5 26. Nxb5 a6 27. Nc7
Bxd6 28. cxd6 Rxd6 29. Bxf7+ Kxf7 30. Rxd6 Rxc7 31. f5 gxf5 32. gxf5 Re7 33.
Rc2 Ne5 34. Rf2 Ng4 35. Rf4 h5 36. f6 Re1+ 37. Kg2 Re2+ 38. Kg3 Ne5 39. Rb6
Rxa2 40. Rxb7+ Kg6 41. f7 Nxf7 42. Rbxf7 Ra3+ 43. Kh4 Ra4 44. R7f6+ Kg7 45.
Rxa4 Kxf6 46. Rxa6+ 1-0

[Event "ODJM B 2023"]
[Site "Willingen GER"]
[Date "2023.05.28"]
[Round "2"]
[White "Claussen, Alexander"]
[Black "Borgert, Alexander"]
[Result "1/2-1/2"]
[Termination "normal"]
[Board "52"]
[WhiteElo "1430"]
[BlackElo "1516"]
[PlyCount "75"]
[WhiteFideId "16248910"]
[BlackFideId "16289188"]
[EventCountry "GER"]
[EventRounds "9"]
[EventType "swiss"]
[EventDate "2023.05.27"]

1. b3 d5 2. e3 Nf6 3. Bb2 Bf5 4. f4 e6 5. Nf3 Bd6 6. Be2 Nc6 7. Bb5 a6 8. Bxc6+
bxc6 9. O-O Bg4 10. h3 Bxf3 11. Qxf3 O-O 12. d3 Bc5 13. Nd2 Re8 14. Qf2 Bb6 15.
Nf3 Nh5 16. Kh1 Nxf4 17. Ne5 f6 18. Qxf4 fxe5 19. Qf7+ Kh8 20. Bxe5 Qe7 21.
Qxe7 Rxe7 22. Rf3 Kg8 23. Raf1 a5 24. a4 Rc8 25. Kg1 Ra8 26. Kf2 Rf8 27. Ke2
Rxf3 28. Rxf3 Rf7 29. Rxf7 Kxf7 30. Kf3 g6 31. Kf4 h6 32. h4 Kf8 33. g4 Kf7 34.
g5 h5 35. Bd4 c5 36. Be5 Ke7 37. c4 c6 38. Bf6+ 1/2-1/2

[Event "ODJM B 2023"]
[Site "Willingen GER"]
[Date "2023.05.30"]
[Round "4"]
[White "Blome, Johannes"]
[Black "Dorendorf, Mika"]
[Result "1/2-1/2"]
[Termination "normal"]
[Board "1"]
[WhiteElo "1849"]
[BlackElo "1782"]
[WhiteClock "00:40:05"]
[BlackClock "01:17:20"]
[PlyCount "59"]
[WhiteFideId "16233972"]
[BlackFideId "16283066"]
[EventCountry "GER"]
[EventRounds "9"]
[EventType "swiss"]
[EventDate "2023.05.27"]

1. e4 {[%clk 01:30:58]} {[%emt 00:00:01]} c5 {[%clk 01:30:57]} {[%emt
00:00:03]} 2. Nc3 {[%clk 01:31:18]} {[%emt 00:00:10]} Nc6 {[%clk 01:31:18]}
{[%emt 00:00:09]} 3. Nge2 {[%clk 01:31:26]} {[%emt 00:00:22]} g6 {[%clk
01:31:41]} {[%emt 00:00:07]} 4. g3 {[%clk 01:31:40]} {[%emt 00:00:16]} Nh6
{[%clk 01:32:04]} {[%emt 00:00:07]} 5. Bg2 {[%clk 01:32:00]} {[%emt 00:00:10]}
Bg7 {[%clk 01:32:31]} {[%emt 00:00:04]} 6. O-O {[%clk 01:31:04]} {[%emt
00:01:25]} O-O {[%clk 01:32:56]} {[%emt 00:00:05]} 7. d3 {[%clk 01:30:04]}
{[%emt 00:01:30]} d6 {[%clk 01:33:19]} {[%emt 00:00:07]} 8. f4 {[%clk
01:28:44]} {[%emt 00:01:50]} f5 {[%clk 01:33:44]} {[%emt 00:00:05]} 9. h3
{[%clk 01:27:13]} {[%emt 00:02:00]} Rb8 {[%clk 01:33:56]} {[%emt 00:00:18]} 10.
a4 {[%clk 01:27:26]} {[%emt 00:00:18]} a6 {[%clk 01:32:41]} {[%emt 00:01:45]}
11. Kh2 {[%clk 01:24:03]} {[%emt 00:03:52]} b5 {[%clk 01:32:37]} {[%emt
00:00:35]} 12. axb5 {[%clk 01:23:58]} {[%emt 00:00:34]} axb5 {[%clk 01:32:45]}
{[%emt 00:00:23]} 13. exf5 {[%clk 01:23:10]} {[%emt 00:01:17]} Nd4 {[%clk
01:32:12]} {[%emt 00:01:04]} 14. fxg6 {[%clk 01:20:12]} {[%emt 00:03:28]} hxg6
{[%clk 01:32:35]} {[%emt 00:00:07]} 15. Ne4 {[%clk 01:15:00]} {[%emt 00:05:42]}
b4 {[%clk 01:27:59]} {[%emt 00:05:06]} 16. Nxd4 {[%clk 01:13:18]} {[%emt
00:02:11]} Bxd4 {[%clk 01:27:14]} {[%emt 00:01:14]} 17. Qe1 {[%clk 01:04:48]}
{[%emt 00:09:01]} Kg7 {[%clk 01:21:49]} {[%emt 00:05:56]} 18. c3 {[%clk
01:02:47]} {[%emt 00:02:31]} bxc3 {[%clk 01:20:53]} {[%emt 00:01:26]} 19. bxc3
{[%clk 01:02:02]} {[%emt 00:01:15]} Bf6 {[%clk 01:20:50]} {[%emt 00:00:33]} 20.
Nxf6 {[%clk 00:59:36]} {[%emt 00:02:56]} exf6 {[%clk 01:20:37]} {[%emt
00:00:42]} 21. Ra7+ {[%clk 00:59:40]} {[%emt 00:00:26]} Rf7 {[%clk 01:20:31]}
{[%emt 00:00:36]} 22. Rxf7+ {[%clk 00:58:57]} {[%emt 00:01:13]} Nxf7 {[%clk
01:20:47]} {[%emt 00:00:14]} 23. Rf2 {[%clk 00:56:52]} {[%emt 00:02:35]} Bb7
{[%clk 01:18:59]} {[%emt 00:02:18]} 24. Bxb7 {[%clk 00:49:56]} {[%emt
00:07:26]} Rxb7 {[%clk 01:19:24]} {[%emt 00:00:06]} 25. Re2 {[%clk 00:45:26]}
{[%emt 00:04:59]} Kf8 {[%clk 01:16:58]} {[%emt 00:02:57]} 26. c4 {[%clk
00:41:20]} {[%emt 00:04:36]} Re7 {[%clk 01:16:21]} {[%emt 00:01:06]} 27. Rxe7
{[%clk 00:39:41]} {[%emt 00:02:09]} Qxe7 {[%clk 01:16:50]} {[%emt 00:00:01]}
28. Qxe7+ {[%clk 00:40:09]} {[%emt 00:00:02]} Kxe7 {[%clk 01:17:19]} {[%emt
00:00:02]} 29. Kg2 {[%clk 00:39:44]} {[%emt 00:00:55]} Ke6 {[%clk 01:17:20]}
{[%emt 00:00:28]} 30. Be3 {[%clk 00:40:05]} {[%emt 00:00:10]} 1/2-1/2

[Event "ODJM B 2023"]
[Site "Willingen GER"]
[Date "2023.05.30"]
[Round "4"]
[White "Friemel, Tim"]
[Black "Khudagulyan, Xoren"]
[Result "0-1"]
[Termination "normal"]
[Board "3"]
[WhiteElo "1692"]
[BlackElo "1698"]
[WhiteClock "00:17:17"]
[BlackClock "00:39:57"]
[PlyCount "94"]
[WhiteFideId "34607021"]
[BlackFideId "34618945"]
[EventCountry "GER"]
[EventRounds "9"]
[EventType "swiss"]
[EventDate "2023.05.27"]

1. d4 {[%clk 01:30:26]} {[%emt 00:00:32]} Nf6 {[%clk 01:30:55]} {[%emt
00:00:06]} 2. c4 {[%clk 01:30:33]} {[%emt 00:00:23]} e6 {[%clk 01:31:18]}
{[%emt 00:00:07]} 3. Nc3 {[%clk 01:29:44]} {[%emt 00:01:19]} Bb4 {[%clk
01:31:42]} {[%emt 00:00:07]} 4. Bg5 {[%clk 01:27:32]} {[%emt 00:02:41]} d5
{[%clk 01:31:54]} {[%emt 00:00:19]} 5. e3 {[%clk 01:27:28]} {[%emt 00:00:33]}
c6 {[%clk 01:27:52]} {[%emt 00:04:32]} 6. Qc2 {[%clk 01:25:02]} {[%emt
00:02:55]} Nbd7 {[%clk 01:25:06]} {[%emt 00:03:17]} 7. Bd3 {[%clk 01:21:40]}
{[%emt 00:03:50]} h6 {[%clk 01:25:14]} {[%emt 00:00:24]} 8. Bh4 {[%clk
01:19:35]} {[%emt 00:02:34]} O-O {[%clk 01:16:54]} {[%emt 00:08:51]} 9. Nge2
{[%clk 01:15:44]} {[%emt 00:04:20]} b6 {[%clk 01:14:56]} {[%emt 00:02:29]} 10.
O-O {[%clk 01:11:26]} {[%emt 00:04:47]} Bb7 {[%clk 01:15:17]} {[%emt 00:00:10]}
11. f3 {[%clk 01:04:08]} {[%emt 00:07:47]} c5 {[%clk 01:08:43]} {[%emt
00:07:05]} 12. Rfd1 {[%clk 00:53:57]} {[%emt 00:10:39]} Qc8 {[%clk 01:01:25]}
{[%emt 00:07:49]} 13. Nb5 {[%clk 00:49:34]} {[%emt 00:04:53]} cxd4 {[%clk
00:56:09]} {[%emt 00:05:48]} 14. exd4 {[%clk 00:45:52]} {[%emt 00:04:10]} a6
{[%clk 00:55:50]} {[%emt 00:00:50]} 15. Na3 {[%clk 00:43:08]} {[%emt 00:03:12]}
Bxa3 {[%clk 00:52:02]} {[%emt 00:04:21]} 16. bxa3 {[%clk 00:43:22]} {[%emt
00:00:16]} dxc4 {[%clk 00:52:24]} {[%emt 00:00:08]} 17. Bxc4 {[%clk 00:42:00]}
{[%emt 00:01:51]} b5 {[%clk 00:52:45]} {[%emt 00:00:09]} 18. Bd3 {[%clk
00:41:33]} {[%emt 00:00:57]} Qxc2 {[%clk 00:53:06]} {[%emt 00:00:09]} 19. Bxc2
{[%clk 00:41:56]} {[%emt 00:00:07]} Rac8 {[%clk 00:52:53]} {[%emt 00:00:43]}
20. Rac1 {[%clk 00:39:41]} {[%emt 00:02:44]} Nd5 {[%clk 00:53:00]} {[%emt
00:00:24]} 21. Bf2 {[%clk 00:38:43]} {[%emt 00:01:26]} N7b6 {[%clk 00:48:03]}
{[%emt 00:05:29]} 22. Bb3 {[%clk 00:37:29]} {[%emt 00:01:44]} Nc4 {[%clk
00:37:15]} {[%emt 00:11:19]} 23. Bxc4 {[%clk 00:32:32]} {[%emt 00:05:27]} bxc4
{[%clk 00:37:15]} {[%emt 00:00:30]} 24. Nc3 {[%clk 00:29:29]} {[%emt 00:03:32]}
Nxc3 {[%clk 00:34:07]} {[%emt 00:03:39]} 25. Rxc3 {[%clk 00:29:47]} {[%emt
00:00:10]} Bd5 {[%clk 00:34:36]} {[%emt 00:00:02]} 26. Bg3 {[%clk 00:29:12]}
{[%emt 00:01:04]} Rfd8 {[%clk 00:32:36]} {[%emt 00:02:30]} 27. Rb1 {[%clk
00:24:52]} {[%emt 00:04:50]} Rd7 {[%clk 00:25:16]} {[%emt 00:07:51]} 28. Rb6
{[%clk 00:24:38]} {[%emt 00:00:44]} Rb7 {[%clk 00:25:39]} {[%emt 00:00:06]} 29.
Rxb7 {[%clk 00:22:26]} {[%emt 00:02:43]} Bxb7 {[%clk 00:26:08]} {[%emt
00:00:01]} 30. Bd6 {[%clk 00:22:20]} {[%emt 00:00:37]} Bd5 {[%clk 00:26:17]}
{[%emt 00:00:20]} 31. Kf2 {[%clk 00:21:32]} {[%emt 00:01:18]} Rc6 {[%clk
00:24:02]} {[%emt 00:02:45]} 32. Bb4 {[%clk 00:20:42]} {[%emt 00:01:20]} Rb6
{[%clk 00:24:12]} {[%emt 00:00:20]} 33. Rc2 {[%clk 00:19:55]} {[%emt 00:01:17]}
g5 {[%clk 00:22:06]} {[%emt 00:02:36]} 34. Ke3 {[%clk 00:18:44]} {[%emt
00:01:41]} Kg7 {[%clk 00:22:01]} {[%emt 00:00:34]} 35. g3 {[%clk 00:17:22]}
{[%emt 00:01:53]} Kg6 {[%clk 00:20:43]} {[%emt 00:01:48]} 36. f4 {[%clk
00:14:56]} {[%emt 00:02:55]} f6 {[%clk 00:18:07]} {[%emt 00:03:06]} 37. fxg5
{[%clk 00:13:13]} {[%emt 00:02:14]} hxg5 {[%clk 00:18:17]} {[%emt 00:00:20]}
38. Rf2 {[%clk 00:11:17]} {[%emt 00:02:27]} Rb7 {[%clk 00:16:25]} {[%emt
00:02:21]} 39. Rc2 {[%clk 00:09:50]} {[%emt 00:01:57]} f5 {[%clk 00:14:32]}
{[%emt 00:02:22]} 40. Rc1 {[%clk 00:04:19]} {[%emt 00:06:01]} Rh7 {[%clk
00:13:23]} {[%emt 00:01:39]} 41. Rc2 {[%clk 00:30:15]} {[%emt 00:04:35]} f4+
{[%clk 00:38:39]} {[%emt 00:05:13]} 42. gxf4 {[%clk 00:28:33]} {[%emt
00:02:13]} Rh3+ {[%clk 00:38:58]} {[%emt 00:00:10]} 43. Ke2 {[%clk 00:24:49]}
{[%emt 00:04:15]} Rxh2+ {[%clk 00:39:13]} {[%emt 00:00:15]} 44. Kd1 {[%clk
00:24:50]} {[%emt 00:00:28]} Rxc2 {[%clk 00:39:25]} {[%emt 00:00:19]} 45. Kxc2
{[%clk 00:25:12]} {[%emt 00:00:07]} g4 {[%clk 00:39:54]} 46. Kd1 {[%clk
00:17:39]} {[%emt 00:08:03]} Kf5 {[%clk 00:39:57]} {[%emt 00:00:28]} 47. Bd2
{[%clk 00:17:17]} {[%emt 00:00:52]} Ke4 {[%emt 00:02:46]} 0-1

[Event "ODJM B 2023"]
[Site "Willingen GER"]
[Date "2023.05.30"]
[Round "4"]
[White "Laag, Pascal"]
[Black "Kuhlmann, Nils Magnus"]
[Result "1/2-1/2"]
[Termination "normal"]
[Board "4"]
[WhiteElo "1642"]
[BlackElo "1553"]
[WhiteClock "01:10:17"]
[BlackClock "01:14:20"]
[PlyCount "52"]
[WhiteFideId "16256069"]
[BlackFideId "16287177"]
[EventCountry "GER"]
[EventRounds "9"]
[EventType "swiss"]
[EventDate "2023.05.27"]

1. d4 {[%clk 01:30:57]} {[%emt 00:00:02]} g6 {[%clk 01:30:37]} {[%emt
00:00:24]} 2. e4 {[%clk 01:31:16]} {[%emt 00:00:10]} Bg7 {[%clk 01:30:41]}
{[%emt 00:00:26]} 3. Nc3 {[%clk 01:31:38]} {[%emt 00:00:08]} d6 {[%clk
01:30:39]} {[%emt 00:00:32]} 4. Bc4 {[%clk 01:31:59]} {[%emt 00:00:08]} Nf6
{[%clk 01:28:33]} {[%emt 00:02:37]} 5. Qe2 {[%clk 01:32:18]} {[%emt 00:00:11]}
e5 {[%clk 01:28:27]} {[%emt 00:00:37]} 6. dxe5 {[%clk 01:31:45]} {[%emt
00:01:02]} dxe5 {[%clk 01:28:47]} {[%emt 00:00:10]} 7. Bd2 {[%clk 01:31:19]}
{[%emt 00:00:55]} Nc6 {[%clk 01:27:03]} {[%emt 00:02:16]} 8. Nf3 {[%clk
01:30:56]} {[%emt 00:00:53]} Bg4 {[%clk 01:27:24]} {[%emt 00:00:08]} 9. Bb5
{[%clk 01:31:18]} {[%emt 00:00:08]} Bd7 {[%clk 01:24:15]} {[%emt 00:03:39]} 10.
Bxc6 {[%clk 01:24:40]} {[%emt 00:07:08]} Bxc6 {[%clk 01:24:38]} {[%emt
00:00:08]} 11. O-O-O {[%clk 01:24:00]} {[%emt 00:01:10]} Qe7 {[%clk 01:24:13]}
{[%emt 00:00:54]} 12. Bg5 {[%clk 01:23:28]} {[%emt 00:01:02]} O-O {[%clk
01:22:10]} {[%emt 00:02:33]} 13. Nd5 {[%clk 01:22:38]} {[%emt 00:01:20]} Bxd5
{[%clk 01:22:12]} {[%emt 00:00:28]} 14. exd5 {[%clk 01:16:32]} {[%emt
00:06:37]} Qd6 {[%clk 01:19:56]} {[%emt 00:02:46]} 15. Qxe5 {[%clk 01:12:34]}
{[%emt 00:04:27]} Qxe5 {[%clk 01:20:16]} {[%emt 00:00:10]} 16. Nxe5 {[%clk
01:12:59]} {[%emt 00:00:06]} Ne4 {[%clk 01:20:43]} {[%emt 00:00:03]} 17. Nd7
{[%clk 01:10:05]} {[%emt 00:03:24]} Nxg5 {[%clk 01:18:51]} {[%emt 00:02:21]}
18. Nxf8 {[%clk 01:10:26]} {[%emt 00:00:09]} Kxf8 {[%clk 01:19:16]} {[%emt
00:00:05]} 19. Rhe1 {[%clk 01:10:26]} {[%emt 00:00:29]} h5 {[%clk 01:18:51]}
{[%emt 00:00:56]} 20. c4 {[%clk 01:10:25]} {[%emt 00:00:31]} Re8 {[%clk
01:18:59]} {[%emt 00:00:23]} 21. Rxe8+ {[%clk 01:10:10]} {[%emt 00:00:45]} Kxe8
{[%clk 01:18:09]} {[%emt 00:01:20]} 22. Re1+ {[%clk 01:10:33]} {[%emt
00:00:06]} Kd7 {[%clk 01:18:36]} {[%emt 00:00:03]} 23. Kc2 {[%clk 01:10:49]}
{[%emt 00:00:13]} Nh7 {[%clk 01:17:41]} {[%emt 00:01:26]} 24. b4 {[%clk
01:09:54]} {[%emt 00:01:25]} Nf6 {[%clk 01:17:47]} {[%emt 00:00:24]} 25. h3
{[%clk 01:10:10]} {[%emt 00:00:14]} Bf8 {[%clk 01:17:21]} {[%emt 00:00:56]} 26.
a3 {[%clk 01:10:17]} {[%emt 00:00:23]} c6 {[%clk 01:14:20]} {[%emt 00:03:31]}
1/2-1/2